[Event "NB I. Charousek csoport"]
[Site "Nagykanizsa"]
[Date "2024.04.07"]
[Round "9.4"]
[White "Bodo, Norbert"]
[Black "Pogany, Zsombor"]
[Result "1-0"]
[WhiteElo "2390"]
[BlackElo "2210"]
[PlyCount "53"]
[EventDate "2023.10.08"]
[EventType "team-tourn"]
[EventRounds "11"]
[EventCountry "HUN"]
[Source "chess.hu"]
[WhiteTeam "Tuxera ANSK II."]
[BlackTeam "Z.Csuti-Hydrocomp SK"]
[WhiteTeamCountry "HUN"]
[BlackTeamCountry "HUN"]

1. Nf3 Nf6 2. c4 g6 3. Nc3 d5 4. cxd5 Nxd5 5. h4 c5 6. h5 Bg7 7. e4 Nxc3 8.
dxc3 Qxd1+ 9. Kxd1 f6 10. Be3 b6 11. Kc2 Ba6 12. Bxa6 Nxa6 13. a4 e5 14. Nd2
Kf7 15. Nc4 Rhd8 16. Rad1 Bf8 17. hxg6+ Kxg6 18. g3 Be7 19. Rh6+ Kg7 20. Rdh1
Rh8 21. f4 exf4 22. Bxf4 Rae8 23. Ne3 Bf8 24. Nf5+ Kg8 25. Rxf6 Rxe4 26. Rh4 h5
27. Rxf8+ 1-0

[Event "NB I. Charousek csoport"]
[Site "Nagykanizsa"]
[Date "2024.04.07"]
[Round "9.5"]
[White "Csiszar, Zoltan"]
[Black "Krutti, Valer"]
[Result "1/2-1/2"]
[WhiteElo "2248"]
[BlackElo "2252"]
[PlyCount "29"]
[EventDate "2023.10.08"]
[EventType "team-tourn"]
[EventRounds "11"]
[EventCountry "HUN"]
[Source "chess.hu"]
[WhiteTeam "Z.Csuti-Hydrocomp SK"]
[BlackTeam "Tuxera ANSK II."]
[WhiteTeamCountry "HUN"]
[BlackTeamCountry "HUN"]

1. d4 d5 2. c4 dxc4 3. e4 Nf6 4. Nc3 Nc6 5. Nf3 Bg4 6. Be3 e6 7. Bxc4 a6 8. a3
Be7 9. Be2 O-O 10. Nd2 Bxe2 11. Nxe2 Ng4 12. O-O Bg5 13. Bxg5 Qxg5 14. Nf3 Qe7
15. Qc2 1/2-1/2

[Event "NB I. Charousek csoport"]
[Site "Nagykanizsa"]
[Date "2024.04.07"]
[Round "9.6"]
[White "Demeter, Dorina"]
[Black "Dobos, Jozsef"]
[Result "1/2-1/2"]
[WhiteElo "2283"]
[BlackElo "2228"]
[PlyCount "26"]
[EventDate "2023.10.08"]
[EventType "team-tourn"]
[EventRounds "11"]
[EventCountry "HUN"]
[Source "chess.hu"]
[WhiteTeam "Tuxera ANSK II."]
[BlackTeam "Z.Csuti-Hydrocomp SK"]
[WhiteTeamCountry "HUN"]
[BlackTeamCountry "HUN"]

1. Nf3 e6 2. c4 f5 3. g3 Nf6 4. Bg2 Be7 5. O-O d6 6. d4 O-O 7. Nbd2 Kh8 8. b3
e5 9. dxe5 dxe5 10. Bb2 e4 11. Ne5 Bd6 12. c5 Bxc5 13. Qc2 Na6 1/2-1/2

[Event "NB I. Charousek csoport"]
[Site "Nagykanizsa"]
[Date "2024.04.07"]
[Round "9.7"]
[White "Schroter, Tamas"]
[Black "Orso, Miklos"]
[Result "1/2-1/2"]
[WhiteElo "2223"]
[BlackElo "2160"]
[PlyCount "24"]
[EventDate "2023.10.08"]
[EventType "team-tourn"]
[EventRounds "11"]
[EventCountry "HUN"]
[Source "chess.hu"]
[WhiteTeam "Z.Csuti-Hydrocomp SK"]
[BlackTeam "Tuxera ANSK II."]
[WhiteTeamCountry "HUN"]
[BlackTeamCountry "HUN"]

1. d4 Nf6 2. c4 e6 3. Nf3 b6 4. e3 Bb7 5. Bd3 Be7 6. O-O O-O 7. Nc3 d5 8. b3 c5
9. Bb2 Nc6 10. Rc1 cxd4 11. exd4 dxc4 12. bxc4 Rc8 1/2-1/2

[Event "NB I. Charousek csoport"]
[Site "Nagykanizsa"]
[Date "2024.04.07"]
[Round "9.8"]
[White "Bodo, Bence"]
[Black "Horvath, Sandor"]
[Result "1-0"]
[WhiteElo "2256"]
[BlackElo "2198"]
[PlyCount "117"]
[EventDate "2023.10.08"]
[EventType "team-tourn"]
[EventRounds "11"]
[EventCountry "HUN"]
[Source "chess.hu"]
[WhiteTeam "Tuxera ANSK II."]
[BlackTeam "Z.Csuti-Hydrocomp SK"]
[WhiteTeamCountry "HUN"]
[BlackTeamCountry "HUN"]

1. d4 Nf6 2. Nf3 e6 3. g3 b6 4. Bg2 Bb7 5. O-O c5 6. Bg5 Be7 7. c4 cxd4 8. Nxd4
Bxg2 9. Kxg2 O-O 10. Nc3 d5 11. cxd5 Nxd5 12. Bxe7 Nxe7 13. Rc1 a6 14. e3 e5
15. Nf3 Nbc6 16. Nd5 Rc8 17. Nxe7+ Qxe7 18. Qa4 Qb7 19. Qe4 f6 20. Rfd1 Nd8 21.
Nd2 Qxe4+ 22. Nxe4 Nf7 23. g4 h6 24. h4 Rfe8 25. Kf3 Kf8 26. Ke2 Ke7 27. Nc3
Kf8 28. Nd5 Rxc1 29. Rxc1 Rb8 30. Rc6 Nd8 31. Rxb6 Rc8 32. Nc3 a5 33. Kd3 Kf7
34. a3 Ne6 35. b4 axb4 36. axb4 Rd8+ 37. Ke2 h5 38. gxh5 f5 39. b5 e4 40. Rc6
Ke7 41. f3 exf3+ 42. Kxf3 f4 43. Ke4 fxe3 44. Kxe3 Rh8 45. Ne2 Kd7 46. Ra6 Nc7
47. Rg6 Rxh5 48. Rxg7+ Kd6 49. Rg6+ Ke7 50. Rg7+ Kd8 51. Nf4 Rxh4 52. b6 Na6
53. Nd5 Rh1 54. Kd4 Kc8 55. Kc4 Rd1 56. Kb5 Ra1 57. Ne7+ Kd8 58. Nc6+ Ke8 59.
Ra7 1-0

[Event "NB I. Charousek csoport"]
[Site "Nagykanizsa"]
[Date "2024.04.07"]
[Round "9.9"]
[White "Farkas, Zsolt"]
[Black "Hardicsay, Peter"]
[Result "1/2-1/2"]
[WhiteElo "2120"]
[BlackElo "2176"]
[PlyCount "30"]
[EventDate "2023.10.08"]
[EventType "team-tourn"]
[EventRounds "11"]
[EventCountry "HUN"]
[Source "chess.hu"]
[WhiteTeam "Z.Csuti-Hydrocomp SK"]
[BlackTeam "Tuxera ANSK II."]
[WhiteTeamCountry "HUN"]
[BlackTeamCountry "HUN"]

1. e4 e5 2. Nc3 Nf6 3. Nf3 Nc6 4. Bb5 Bb4 5. d3 d6 6. O-O Bxc3 7. bxc3 O-O 8.
Bxc6 bxc6 9. h3 h6 10. c4 Re8 11. Re1 Nh7 12. Nh2 f5 13. exf5 Bxf5 14. f4 exf4
15. Bxf4 Qd7 1/2-1/2

[Event "NB I. Charousek csoport"]
[Site "Nagykanizsa"]
[Date "2024.04.07"]
[Round "9.10"]
[White "Varga, Richard"]
[Black "Forgo, Eva"]
[Result "1-0"]
[WhiteElo "2041"]
[BlackElo "2074"]
[PlyCount "83"]
[EventDate "2023.10.08"]
[EventType "team-tourn"]
[EventRounds "11"]
[EventCountry "HUN"]
[Source "chess.hu"]
[WhiteTeam "Tuxera ANSK II."]
[BlackTeam "Z.Csuti-Hydrocomp SK"]
[WhiteTeamCountry "HUN"]
[BlackTeamCountry "HUN"]

1. e4 e5 2. Nf3 Nc6 3. Bb5 a6 4. Ba4 Nf6 5. O-O Be7 6. Re1 b5 7. Bb3 d6 8. c3
O-O 9. h3 Na5 10. Bc2 c5 11. d4 Qc7 12. d5 Bd7 13. b3 Ne8 14. Nbd2 g6 15. Nf1
Ng7 16. Bh6 f6 17. g4 Nb7 18. Ng3 Nd8 19. Nh2 Nf7 20. Be3 a5 21. a4 bxa4 22.
bxa4 Rfb8 23. h4 Qc8 24. Ra2 Rb6 25. Ngf1 f5 26. exf5 gxf5 27. g5 f4 28. Bxf4
Qf8 29. Bc1 Nf5 30. Qh5 Qg7 31. Ng3 Nxg3 32. fxg3 Nh8 33. Ng4 Ng6 34. Rf1 Rf8
35. Nh6+ Kh8 36. Rxf8+ Bxf8 37. Be4 Be8 38. Qf3 Rb8 39. Rf2 Bxa4 40. Nf7+ Kg8
41. Nh6+ Kh8 42. h5 1-0

[Event "NB I. Charousek csoport"]
[Site "Nagykanizsa"]
[Date "2024.04.07"]
[Round "9.11"]
[White "Borocz, Lorinc"]
[Black "Sipos, Janos"]
[Result "0-1"]
[WhiteElo "1953"]
[BlackElo "2182"]
[PlyCount "76"]
[EventDate "2023.10.08"]
[EventType "team-tourn"]
[EventRounds "11"]
[EventCountry "HUN"]
[Source "chess.hu"]
[WhiteTeam "Z.Csuti-Hydrocomp SK"]
[BlackTeam "Tuxera ANSK II."]
[WhiteTeamCountry "HUN"]
[BlackTeamCountry "HUN"]

1. e4 c5 2. Nf3 Nc6 3. d4 cxd4 4. Nxd4 g6 5. c4 Bg7 6. Be3 Nf6 7. Nc3 O-O 8.
Be2 d6 9. O-O Bd7 10. Qd2 Qa5 11. f3 Rfc8 12. Rac1 Nxd4 13. Bxd4 Be6 14. b3 a6
15. Qb2 Rab8 16. b4 Qd8 17. Nd5 Bxd5 18. cxd5 Bh6 19. Rcd1 b5 20. Bd3 Nh5 21.
g3 Qd7 22. f4 Bg7 23. Bxg7 Nxg7 24. Rc1 Ne8 25. Kg2 Nf6 26. Qd4 Rb7 27. Qe3
Rbc7 28. h3 Rc3 29. Rxc3 Rxc3 30. Qd4 Qc7 31. g4 Ra3 32. Rf2 Qc1 33. e5 Ne8 34.
e6 fxe6 35. dxe6 Qd1 36. Qa7 Qxd3 37. Qxe7 Qxh3+ 38. Kg1 Rg3+ 0-1

[Event "NB I. Charousek csoport"]
[Site "Balatonfured"]
[Date "2024.04.07"]
[Round "9.1"]
[White "Vertetics, Attila"]
[Black "Fancsy, Imre"]
[Result "1/2-1/2"]
[WhiteElo "2443"]
[BlackElo "2354"]
[PlyCount "20"]
[EventDate "2023.10.08"]
[EventType "team-tourn"]
[EventRounds "11"]
[EventCountry "HUN"]
[Source "chess.hu"]
[WhiteTeam "Gyori Elektromos"]
[BlackTeam "Balatonfuredi SC"]
[WhiteTeamCountry "HUN"]
[BlackTeamCountry "HUN"]

1. b3 d5 2. Bb2 Nf6 3. Nf3 e6 4. g3 Be7 5. Bg2 c5 6. O-O O-O 7. e3 b6 8. d4
Nbd7 9. Nbd2 Bb7 10. c4 Rc8 1/2-1/2

[Event "NB I. Charousek csoport"]
[Site "Balatonfured"]
[Date "2024.04.07"]
[Round "9.2"]
[White "Pataki, Gyozo"]
[Black "Farkas, Lajos Dr"]
[Result "1/2-1/2"]
[WhiteElo "2303"]
[BlackElo "2179"]
[PlyCount "20"]
[EventDate "2023.10.08"]
[EventType "team-tourn"]
[EventRounds "11"]
[EventCountry "HUN"]
[Source "chess.hu"]
[WhiteTeam "Balatonfuredi SC"]
[BlackTeam "Gyori Elektromos"]
[WhiteTeamCountry "HUN"]
[BlackTeamCountry "HUN"]

1. d4 b5 2. e3 Bb7 3. Nf3 a6 4. a4 b4 5. c4 e6 6. b3 Nf6 7. Bb2 c5 8. dxc5 Bxc5
9. Nbd2 O-O 10. Rc1 a5 1/2-1/2

[Event "NB I. Charousek csoport"]
[Site "Balatonfured"]
[Date "2024.04.07"]
[Round "9.4"]
[White "Lyell, Mark"]
[Black "Borzsei, Andras"]
[Result "0-1"]
[WhiteElo "2179"]
[BlackElo "2115"]
[PlyCount "112"]
[EventDate "2023.10.08"]
[EventType "team-tourn"]
[EventRounds "11"]
[EventCountry "HUN"]
[Source "chess.hu"]
[WhiteTeam "Balatonfuredi SC"]
[BlackTeam "Gyori Elektromos"]
[WhiteTeamCountry "HUN"]
[BlackTeamCountry "HUN"]

1. e4 c5 2. Nc3 e6 3. Nge2 Nc6 4. g3 d5 5. exd5 exd5 6. d4 Bg4 7. Bg2 Nxd4 8.
h3 Bf3 9. Kf1 Qf6 10. Qd3 Nxe2 11. Bxf3 Nxc3 12. bxc3 O-O-O 13. Bxd5 Qd6 14. c4
Ne7 15. Bf4 Qd7 16. Be4 Qxd3+ 17. Bxd3 f5 18. Kg2 g6 19. Be2 Nc6 20. Bf3 Bd6
21. Bg5 Be7 22. Bxe7 Nxe7 23. Rhb1 Rd7 24. a4 Rc7 25. Ra3 Nc6 26. Re3 Nd4 27.
c3 Nc2 28. Rd3 Na3 29. Rbd1 Nxc4 30. Bd5 b5 31. Be6+ Kb7 32. Rb1 Na3 33. Ra1 b4
34. Rad1 Re8 35. Bd5+ Kb6 36. R1d2 Ree7 37. cxb4 cxb4 38. Bb3 Nc4 39. Bxc4 Rxc4
40. Rd5 Rc5 41. a5+ Rxa5 42. Rd6+ Kc7 43. Rd8 Rb5 44. Ra8 Rb7 45. Rc2+ Kb6 46.
Rc4 b3 47. Rac8 a6 48. R8c6+ Ka7 49. Rc1 Rb5 50. Kf3 Kb7 51. R6c4 b2 52. Rb1
Rc7 53. Rxc7+ Kxc7 54. Ke3 a5 55. Kd3 a4 56. Kc4 Rb8 0-1

[Event "NB I. Charousek csoport"]
[Site "Balatonfured"]
[Date "2024.04.07"]
[Round "9.5"]
[White "Solymosi, Istvan"]
[Black "Glatt, Gabor"]
[Result "0-1"]
[WhiteElo "2084"]
[BlackElo "2165"]
[PlyCount "60"]
[EventDate "2023.10.08"]
[EventType "team-tourn"]
[EventRounds "11"]
[EventCountry "HUN"]
[Source "chess.hu"]
[WhiteTeam "Gyori Elektromos"]
[BlackTeam "Balatonfuredi SC"]
[WhiteTeamCountry "HUN"]
[BlackTeamCountry "HUN"]

1. d4 Nf6 2. c4 g6 3. Nc3 Bg7 4. e4 d6 5. f4 O-O 6. Nf3 c5 7. d5 e6 8. Be2 exd5
9. cxd5 Re8 10. e5 dxe5 11. fxe5 Ng4 12. Bg5 Qb6 13. O-O Nxe5 14. d6 Qxb2 15.
Nd5 Nxf3+ 16. Bxf3 Bd4+ 17. Kh1 Qxa1 18. Qxa1 Bxa1 19. Rxa1 Re5 20. Ne7+ Kg7
21. Bf4 Nd7 22. Nxc8 Rxc8 23. Bxb7 Rd8 24. Bxe5+ Nxe5 25. Rd1 Nc4 26. d7 Ne5
27. Bc8 Kf6 28. h3 Ke6 29. Rc1 Kd6 30. Kg1 Nxd7 0-1

[Event "NB I. Charousek csoport"]
[Site "Balatonfured"]
[Date "2024.04.07"]
[Round "9.6"]
[White "Sulyok, Sandor"]
[Black "Zoldi, Zoltan"]
[Result "1/2-1/2"]
[WhiteElo "2134"]
[BlackElo "2098"]
[PlyCount "21"]
[EventDate "2023.10.08"]
[EventType "team-tourn"]
[EventRounds "11"]
[EventCountry "HUN"]
[Source "chess.hu"]
[WhiteTeam "Balatonfuredi SC"]
[BlackTeam "Gyori Elektromos"]
[WhiteTeamCountry "HUN"]
[BlackTeamCountry "HUN"]

1. d4 Nf6 2. Nf3 g6 3. c3 Bg7 4. Bf4 d5 5. e3 O-O 6. Bd3 b6 7. Nbd2 c5 8. h3
Ba6 9. Bxa6 Nxa6 10. Qe2 Nc7 11. O-O 1/2-1/2

[Event "NB I. Charousek csoport"]
[Site "Balatonfured"]
[Date "2024.04.07"]
[Round "9.7"]
[White "Horvath, Tamas"]
[Black "Forgacs, Attila"]
[Result "1/2-1/2"]
[WhiteElo "2110"]
[BlackElo "2063"]
[PlyCount "29"]
[EventDate "2023.10.08"]
[EventType "team-tourn"]
[EventRounds "11"]
[EventCountry "HUN"]
[Source "chess.hu"]
[WhiteTeam "Gyori Elektromos"]
[BlackTeam "Balatonfuredi SC"]
[WhiteTeamCountry "HUN"]
[BlackTeamCountry "HUN"]

1. Nf3 Nf6 2. g3 g6 3. b3 Bg7 4. Bb2 d6 5. d4 O-O 6. Bg2 Nc6 7. O-O e5 8. dxe5
Ng4 9. c4 Ngxe5 10. Nxe5 dxe5 11. Nc3 Be6 12. Qc1 Qc8 13. Rd1 Rd8 14. Rxd8+
Qxd8 15. Qe3 1/2-1/2

[Event "NB I. Charousek csoport"]
[Site "Balatonfured"]
[Date "2024.04.07"]
[Round "9.8"]
[White "Salavecz, Gergely"]
[Black "Kiss, Balazs"]
[Result "1-0"]
[WhiteElo "2007"]
[BlackElo "1996"]
[PlyCount "81"]
[EventDate "2023.10.08"]
[EventType "team-tourn"]
[EventRounds "11"]
[EventCountry "HUN"]
[Source "chess.hu"]
[WhiteTeam "Balatonfuredi SC"]
[BlackTeam "Gyori Elektromos"]
[WhiteTeamCountry "HUN"]
[BlackTeamCountry "HUN"]

1. e4 c6 2. d4 d5 3. Nc3 dxe4 4. Nxe4 Nf6 5. Nxf6+ exf6 6. Nf3 Bd6 7. Bd3 O-O
8. O-O Bg4 9. h3 Be6 10. Be3 Nd7 11. c4 Re8 12. d5 cxd5 13. cxd5 Bxd5 14. Bxh7+
Kxh7 15. Qxd5 Ne5 16. Rad1 Nxf3+ 17. gxf3 Re6 18. Bf4 Qd7 19. Bxd6 Rd8 20. Qh5+
Kg8 21. Bb8 Qxd1 22. Rxd1 Rxd1+ 23. Kg2 a6 24. Qc5 Rd2 25. Qc8+ Kh7 26. Qxb7
Ree2 27. Qxf7 Rxf2+ 28. Kg3 Rxb2 29. Qh5+ Kg8 30. Qe8+ Kh7 31. a3 Rfe2 32. Qh5+
Kg8 33. Qd5+ Kh7 34. Bd6 Rbd2 35. Qf5+ Kg8 36. Bb8 Rg2+ 37. Kh4 Rb2 38. Ba7 Kf7
39. f4 Rb5 40. Bc5 Kg8 41. Qd5+ 1-0

[Event "NB I. Charousek csoport"]
[Site "Balatonfured"]
[Date "2024.04.07"]
[Round "9.9"]
[White "Papai, Mate"]
[Black "Vargyas, Zoltan"]
[Result "1-0"]
[WhiteElo "1966"]
[BlackElo "1952"]
[PlyCount "85"]
[EventDate "2023.10.08"]
[EventType "team-tourn"]
[EventRounds "11"]
[EventCountry "HUN"]
[Source "chess.hu"]
[WhiteTeam "Gyori Elektromos"]
[BlackTeam "Balatonfuredi SC"]
[WhiteTeamCountry "HUN"]
[BlackTeamCountry "HUN"]

1. d4 Nf6 2. c4 e6 3. Nc3 Bb4 4. e3 c5 5. Nf3 Nc6 6. Bd3 d5 7. a3 Bxc3+ 8. bxc3
dxc4 9. Bxc4 Qc7 10. Bd3 O-O 11. O-O e5 12. Nxe5 Nxe5 13. dxe5 Qxe5 14. Bb2 Ng4
15. g3 b5 16. Be2 h5 17. Bf3 Rb8 18. Qe2 c4 19. Rad1 Bf5 20. e4 Be6 21. Rd4 Qg5
22. h4 Qf6 23. Bc1 Rb6 24. Bg5 Qe5 25. Bf4 Qc5 26. Qb2 Ra6 27. Rfd1 Ne5 28.
Bxe5 Qxe5 29. Qb4 g6 30. Bg2 Qf6 31. f4 Bg4 32. Rd6 Rxd6 33. Rxd6 Qg7 34. e5 f6
35. Qxb5 fxe5 36. fxe5 Kh8 37. Be4 Qh6 38. Qc5 Qc1+ 39. Kh2 Qb2+ 40. Bg2 Bf3
41. Rd2 Qb8 42. Rf2 Rc8 43. Qe3 1-0

[Event "NB I. Charousek csoport"]
[Site "Balatonfured"]
[Date "2024.04.07"]
[Round "9.10"]
[White "Bartha, Sandor"]
[Black "Molnar, Liza Dorottya"]
[Result "1-0"]
[WhiteElo "2003"]
[BlackElo "1867"]
[PlyCount "169"]
[EventDate "2023.10.08"]
[EventType "team-tourn"]
[EventRounds "11"]
[EventCountry "HUN"]
[Source "chess.hu"]
[WhiteTeam "Balatonfuredi SC"]
[BlackTeam "Gyori Elektromos"]
[WhiteTeamCountry "HUN"]
[BlackTeamCountry "HUN"]

1. d4 Nf6 2. Nf3 g6 3. g3 Bg7 4. Bg2 O-O 5. O-O d6 6. b3 c5 7. Bb2 cxd4 8. Nxd4
Qd7 9. c4 Nc6 10. Nxc6 bxc6 11. Qd2 Bb7 12. Nc3 Rad8 13. Rad1 c5 14. e4 Qc7 15.
Rfe1 Nd7 16. Nb5 Qb8 17. Bxg7 Kxg7 18. f4 a6 19. Nc3 Nb6 20. Qf2 Nd7 21. Re3
Qc7 22. Red3 Nb8 23. Nd5 Bxd5 24. cxd5 Nd7 25. Rc1 Qb6 26. h3 Rb8 27. Kh2 Rfc8
28. Rdc3 a5 29. Rc4 Qd8 30. Qb2+ f6 31. h4 Rb4 32. Bh3 Rcb8 33. Bf1 Qb6 34. Qc2
Rxc4 35. Bxc4 Qb4 36. a4 Qb6 37. Bb5 Rb7 38. Qc4 Ra7 39. Re1 Qd8 40. g4 Qc8 41.
Kg3 Nb8 42. h5 Na6 43. hxg6 hxg6 44. Rh1 Nc7 45. Bc6 Na6 46. Qe2 Nb4 47. Bb5
Qg8 48. Qh2 Na6 49. g5 Nb8 50. Qh3 Rc7 51. Kf2 Rc8 52. Qc3 Qf7 53. Ke2 Rh8 54.
Rxh8 Kxh8 55. Qxa5 Qf8 56. gxf6 exf6 57. Qc3 Qe7 58. Kf3 Kg7 59. a5 Kf7 60. a6
Qa7 61. Qa5 Ke7 62. Bc4 Nd7 63. Qa1 Kf7 64. Qa4 Ke7 65. Qc6 Nb8 66. Qb5 Qc7 67.
Qa4 Qa7 68. Qa1 Kf7 69. Bb5 Nd7 70. Qh1 Kg7 71. Qh3 Nb8 72. Qc8 Kf7 73. Qe6+
Kg7 74. Qxd6 c4 75. Bxc4 Qg1 76. Qxb8 Qh1+ 77. Ke3 Qg1+ 78. Kd2 Qf2+ 79. Be2
Qd4+ 80. Bd3 Qb2+ 81. Ke3 Qc1+ 82. Kd4 Qg1+ 83. Kc4 Qc1+ 84. Kb5 Qc3 85. Bc4
1-0

[Event "NB I. Charousek csoport"]
[Site "Balatonfured"]
[Date "2024.04.07"]
[Round "9.11"]
[White "Steiner, Botond"]
[Black "Fur, Katinka"]
[Result "1/2-1/2"]
[WhiteElo "1912"]
[BlackElo "1989"]
[PlyCount "32"]
[EventDate "2023.10.08"]
[EventType "team-tourn"]
[EventRounds "11"]
[EventCountry "HUN"]
[Source "chess.hu"]
[WhiteTeam "Gyori Elektromos"]
[BlackTeam "Balatonfuredi SC"]
[WhiteTeamCountry "HUN"]
[BlackTeamCountry "HUN"]

1. e4 e6 2. d4 d5 3. e5 c5 4. c3 Qb6 5. Nf3 Nc6 6. Be2 cxd4 7. cxd4 Nh6 8. Nc3
Nf5 9. Na4 Bb4+ 10. Kf1 Qd8 11. h4 Be7 12. h5 Bd7 13. Bf4 Qa5 14. Nc3 Qb6 15.
Na4 Qa5 16. Nc3 Qb6 1/2-1/2

[Event "NB I. Charousek csoport"]
[Site "Balatonfured"]
[Date "2024.04.07"]
[Round "9.12"]
[White "Kun, Balint"]
[Black "Farkas, Szabolcs"]
[Result "1/2-1/2"]
[WhiteElo "1974"]
[BlackElo "1918"]
[PlyCount "34"]
[EventDate "2023.10.08"]
[EventType "team-tourn"]
[EventRounds "11"]
[EventCountry "HUN"]
[Source "chess.hu"]
[WhiteTeam "Balatonfuredi SC"]
[BlackTeam "Gyori Elektromos"]
[WhiteTeamCountry "HUN"]
[BlackTeamCountry "HUN"]

1. e4 c6 2. d4 d5 3. Nc3 dxe4 4. Nxe4 Nf6 5. Nxf6+ exf6 6. Bf4 Bd6 7. Qd2 O-O
8. O-O-O Bxf4 9. Qxf4 Qa5 10. Bc4 c5 11. Kb1 cxd4 12. Ne2 Qe5 13. Rxd4 Nc6 14.
Rd2 Bf5 15. Rhd1 Rad8 16. Rxd8 Rxd8 17. Rxd8+ Nxd8 1/2-1/2

[Event "NB I. Charousek csoport"]
[Site "Ajka"]
[Date "2024.04.07"]
[Round "9.1"]
[White "Csonka, Attila Istvan"]
[Black "Varga, Zoltan"]
[Result "1/2-1/2"]
[WhiteElo "2300"]
[BlackElo "2319"]
[PlyCount "36"]
[EventDate "2023.10.08"]
[EventType "team-tourn"]
[EventRounds "11"]
[EventCountry "HUN"]
[Source "chess.hu"]
[WhiteTeam "Haladas VSE II."]
[BlackTeam "Sentimento Ajka BSK"]
[WhiteTeamCountry "HUN"]
[BlackTeamCountry "HUN"]

1. e4 d5 2. exd5 Nf6 3. d4 Nxd5 4. c4 Nb6 5. Nc3 g6 6. Be3 Bg7 7. h3 O-O 8. Nf3
Nc6 9. Rc1 e5 10. dxe5 Qxd1+ 11. Rxd1 Nxe5 12. Nxe5 Bxe5 13. Bd4 Bxd4 14. Rxd4
c5 15. Rd2 Re8+ 16. Kd1 Bf5 17. Be2 Rad8 18. Rxd8 Rxd8+ 1/2-1/2

[Event "NB I. Charousek csoport"]
[Site "Ajka"]
[Date "2024.04.07"]
[Round "9.2"]
[White "Jakab, Attila"]
[Black "Kiss, Attila"]
[Result "1-0"]
[WhiteElo "2277"]
[BlackElo "2289"]
[PlyCount "125"]
[EventDate "2023.10.08"]
[EventType "team-tourn"]
[EventRounds "11"]
[EventCountry "HUN"]
[Source "chess.hu"]
[WhiteTeam "Sentimento Ajka BSK"]
[BlackTeam "Haladas VSE II."]
[WhiteTeamCountry "HUN"]
[BlackTeamCountry "HUN"]

1. d4 d5 2. c4 e6 3. Nc3 Nf6 4. cxd5 exd5 5. Bg5 Be7 6. e3 c6 7. Bd3 Nbd7 8.
Qc2 Nh5 9. Bxe7 Qxe7 10. Nge2 g6 11. O-O O-O 12. Rab1 a5 13. a3 Nb6 14. b4 axb4
15. axb4 Ng7 16. b5 c5 17. dxc5 Qxc5 18. Rfd1 Be6 19. Rbc1 Rfc8 20. Nf4 Qa3 21.
Qd2 Qe7 22. Be2 Rc5 23. Bf3 Rd8 24. Ncxd5 Nxd5 25. Rxc5 Qxc5 26. Nxd5 Bxd5 27.
Bxd5 Ne6 28. e4 Qxb5 29. h4 h5 30. Qc3 Qd7 31. Qf6 Re8 32. Rb1 b5 33. Rb3 Rb8
34. Rg3 Rb6 35. f4 Qc7 36. Rc3 Qd8 37. Qxd8+ Nxd8 38. Rc8 Rd6 39. Rb8 Kg7 40.
Kf2 Ne6 41. Ke3 Ra6 42. Rxb5 Nc7 43. Rb8 Ra1 44. Bc4 Ra4 45. Bb3 Ra7 46. Kd4
Kf6 47. e5+ Ke7 48. Ke4 Ne6 49. f5 gxf5+ 50. Kxf5 Nd4+ 51. Kg5 Nxb3 52. Rxb3
Ra2 53. g3 Re2 54. Kxh5 Rxe5+ 55. Kh6 Re6+ 56. Kh7 Rg6 57. Rb7+ Ke8 58. Rb8+
Ke7 59. Rg8 Ra6 60. g4 Ra1 61. h5 Rh1 62. h6 f6 63. Kg6 1-0

[Event "NB I. Charousek csoport"]
[Site "Ajka"]
[Date "2024.04.07"]
[Round "9.3"]
[White "Trbojevic, Mladen"]
[Black "Martini, Balazs"]
[Result "0-1"]
[WhiteElo "2337"]
[BlackElo "2342"]
[PlyCount "106"]
[EventDate "2023.10.08"]
[EventType "team-tourn"]
[EventRounds "11"]
[EventCountry "HUN"]
[Source "chess.hu"]
[WhiteTeam "Haladas VSE II."]
[BlackTeam "Sentimento Ajka BSK"]
[WhiteTeamCountry "HUN"]
[BlackTeamCountry "HUN"]

1. e4 c5 2. Nf3 Nc6 3. c3 d6 4. d4 Nf6 5. d5 Nb8 6. Bd3 g6 7. c4 Bg7 8. Nc3 O-O
9. O-O e5 10. dxe6 fxe6 11. e5 dxe5 12. Nxe5 Nh5 13. Nf3 Nc6 14. Bg5 Qc7 15.
Nb5 Qd7 16. Be4 a6 17. Nc3 Qc7 18. Qd2 Nd4 19. Nxd4 cxd4 20. Ne2 Nf6 21. Bxf6
Bxf6 22. Rac1 Bd7 23. Nxd4 Qe5 24. Nf3 Qxe4 25. Qxd7 Rad8 26. Qc7 Rc8 27. Qb6
Rxc4 28. Nd2 Rb4 29. Qd6 Qf4 30. Qxe6+ Kg7 31. Nc4 b5 32. Ne3 Rxb2 33. Nd5 Qe5
34. Rc7+ Kh8 35. Qd7 Bg7 36. Ne3 Rxa2 37. g3 Ra1 38. Rxa1 Qxa1+ 39. Kg2 Qe5 40.
Ra7 Qb2 41. Nd1 Qf6 42. Qb7 Qd4 43. Ne3 h5 44. h4 b4 45. Ra8 Rxa8 46. Qxa8+ Kh7
47. Qb7 a5 48. Qb5 Qe4+ 49. Kh2 Qe6 50. Nd5 Qf5 51. Kg2 a4 52. Qb7 b3 53. Ne7
Qe6 0-1

[Event "NB I. Charousek csoport"]
[Site "Ajka"]
[Date "2024.04.07"]
[Round "9.4"]
[White "Cseke, Richard"]
[Black "Sardy, Peter Dr"]
[Result "1/2-1/2"]
[WhiteElo "2293"]
[BlackElo "2369"]
[PlyCount "48"]
[EventDate "2023.10.08"]
[EventType "team-tourn"]
[EventRounds "11"]
[EventCountry "HUN"]
[Source "chess.hu"]
[WhiteTeam "Sentimento Ajka BSK"]
[BlackTeam "Haladas VSE II."]
[WhiteTeamCountry "HUN"]
[BlackTeamCountry "HUN"]

1. d4 d6 2. e4 Nf6 3. Nc3 Nc6 4. Nf3 g6 5. Be2 Bg7 6. h3 O-O 7. O-O a6 8. Bg5
h6 9. Be3 e5 10. Qd2 Kh7 11. Rad1 exd4 12. Nxd4 Re8 13. Nxc6 bxc6 14. Bf3 Nd7
15. Rfe1 Rb8 16. b3 Qh4 17. Bd4 Ne5 18. Be2 g5 19. f3 Qg3 20. Bf2 Qf4 21. Qxf4
gxf4 22. Na4 c5 23. Rb1 f5 24. Bd3 Nxd3 1/2-1/2

[Event "NB I. Charousek csoport"]
[Site "Ajka"]
[Date "2024.04.07"]
[Round "9.5"]
[White "Farkas, Gabor"]
[Black "Konyves, Almos"]
[Result "0-1"]
[WhiteElo "2293"]
[BlackElo "2315"]
[PlyCount "94"]
[EventDate "2023.10.08"]
[EventType "team-tourn"]
[EventRounds "11"]
[EventCountry "HUN"]
[Source "chess.hu"]
[WhiteTeam "Haladas VSE II."]
[BlackTeam "Sentimento Ajka BSK"]
[WhiteTeamCountry "HUN"]
[BlackTeamCountry "HUN"]

1. d4 Nf6 2. c4 e6 3. Nf3 d5 4. Bg5 h6 5. Bh4 g5 6. Bg3 Ne4 7. Nc3 Bb4 8. Rc1
h5 9. h4 Nxg3 10. fxg3 Bd6 11. Kf2 g4 12. Ne5 Nc6 13. cxd5 Nxe5 14. dxe5 Bxe5
15. Qd3 exd5 16. e4 O-O 17. Nxd5 c6 18. Nf4 Qb6+ 19. Ke1 Rd8 20. Qb3 Bxf4 21.
gxf4 Qd4 22. Rc2 Be6 23. Qc3 Qxe4+ 24. Re2 Qxf4 25. Re5 Rd5 26. Re3 Rad8 27.
Be2 Qd4 28. Qxd4 Rxd4 29. a3 Rd2 30. b4 Ra2 31. Rf1 Rdd2 32. Rf4 Rdb2 33. Rd4
Rb1+ 34. Kf2 Rb3 35. Rxb3 Bxb3 36. Ke3 Bd5 37. g3 Rxa3+ 38. Kf4 f6 39. b5 Ra2
40. bxc6 bxc6 41. Bd1 a5 42. Ke3 Rg2 43. Ra4 Rxg3+ 44. Kf4 Rd3 45. Be2 Rd2 46.
Ba6 Rf2+ 47. Ke3 g3 0-1